000 00980nam a22002777a 4500
001 03781
003 HDC
007 cr bn ---aaaaa
008 210111t1998 nyu||||| |||| 00| 0 eng
020 _a0-203-22306-3
040 _aHDC
100 _aTatham, Brendan
_eauthor
_93595
245 0 _aAgricultural Biotechnology. Chapter 18 :
_bEmbryo Manipulation for Biotechnology in Domestic Animals / by
_cBrendan Tatham
260 _aNew York :
_bMARCEL DEKKER,
_c1998
300 _a32 pages
336 _atext
_2rdacontent
337 _acomputer
_2rdamedia
338 _aonline resource
_2rdacarrier
650 _aAgricultural Biotechnology
_91565
650 _aBiotechnology in Domestic Animals
_93597
650 _aEmbryo Manipulation
_93596
856 _zRequest full-text at [email protected]
942 _2lcc
942 _cCHAP
942 _kEBCH 001703
999 _c1117
_d1117